| 000 | 00557nam a2200193 a 4500 | ||
|---|---|---|---|
| 005 | 20140412111343.0 | ||
| 008 | 040114s19uu xx 00 eng d | ||
| 020 | _a0-09-176932-9 | ||
| 050 |
_aER _bKi58 2000 |
||
| 100 | _aNewman, Marjorie | ||
| 245 |
_aKing and the cuddly (the) / _cby Marjorie Newman ; illustrated by Peter Bowman. |
||
| 260 |
_aLondon : _bRed Fox, _c2000. |
||
| 300 | _a1 v. (unp.) ; ill. | ||
| 500 | _a[lost & replaced] | ||
| 650 | _aLions--Fiction | ||
| 650 | _aHelping--Fiction | ||
| 650 | _aChildren stories | ||
| 999 |
_c105155 _d105155 |
||